| 000 | 00585nam a2200181Ia 4500 | ||
|---|---|---|---|
| 008 | 151018s9999 xx 000 0 und d | ||
| 082 |
_bRBASDV39390 _a891.433 |
||
| 100 | _aकार्लो कालोदी | ||
| 245 | _aजादुई कठपुतली | ||
| 250 | _b1 | ||
| 260 |
_bअक्षरमाला _c2005 |
||
| 300 | _a103 | ||
| 600 | _aकार्लो कालोदी | ||
| 630 | _aजादुई कठपुतली | ||
| 700 | _aकार्लो कालोदी | ||
| 730 | _aजादुई कठपुतली | ||
| 942 | _cBOOK | ||
| 999 |
_c1038680 _d1038677 |
||